000 00556nam a2200181Ia 4500
003 IN-BaIIA
008 211028s9999 xx 000 0 eng d
040 _cIIA Library
080 _a551.5:083.8
_bIMD
110 _aIndia Meteorological Department
_9237
245 0 _aHygrometric tables (800MB)
_cIndia Meteorological Department
260 _aPoona
_bThe Yervda Prison Press
_c1944
300 _a21p.
650 _aMeteorological-Tables
_9238
650 _aNASA Thesaurus
_9100
650 _aTables-Meteorology
_9239
942 _cBK
999 _c122
_d122